Actors you probably don't know [pic] - Statistics

General Stats
  • This quiz has been taken 23 times
  • The average score is 4 of 16
Answer Stats
Picture Answer % Correct
Eugene Levy
67%
George Takei
67%
Ken Jeong
57%
Michael Clarke Duncan
52%
Robert Carlyle
33%
Daniel Dae Kim
29%
David Boreanaz
29%
David Morse
29%
Joe Mantegna
24%
Ewen Bremner
14%
Sammo Hung
5%
Choi Min-sik
0%
Clifton Collins, Jr.
0%
Jason Acuña
0%
Lance Reddick
0%
Tyler Labine
0%
No matching quizzes found
Score Distribution
Percent of People with Each Score
Percentile by Number Answered
Your Score History
You have not taken this quiz